[Event "Welsh Chess Championships"]
[Site "Cardiff, Wales"]
[Date "2017.04.17"]
[Round "7.7"]
[White "Waterfield, John W"]
[Black "Davis, Lee"]
[Result "1-0"]
[WhiteElo "1948"]
[BlackElo "1933"]
[PlyCount "109"]
[EventDate "2017.??.??"]

1. e4 g6 2. d4 d6 3. Nc3 Bg7 4. f4 Nf6 5. Nf3 O-O 6. Bd3 Na6 7. O-O c5 8. d5
Nc7 9. Qe2 a6 10. a4 b6 11. Bc4 e6 12. dxe6 Bxe6 13. Bxe6 Nxe6 14. Be3 Ng4 15.
Bd2 Nd4 16. Qd3 c4 17. Qxc4 Nxc2 18. Rad1 Nce3 19. Qe2 Nxf1 20. Kxf1 Nf6 21.
Be3 Qb8 22. e5 dxe5 23. Nxe5 Qc7 24. Qf2 Rab8 25. g4 Rfd8 26. Rxd8+ Qxd8 27.
Nc6 Qd3+ 28. Qe2 Qxe2+ 29. Kxe2 Re8 30. Ne5 b5 31. axb5 axb5 32. Nxb5 Ne4 33.
Nc7 Rb8 34. Kd3 Rc8 35. Na6 f5 36. gxf5 gxf5 37. Bd4 Bh6 38. Be3 Ra8 39. Nc7
Rd8+ 40. Bd4 Rb8 41. Nd5 Rb3+ 42. Ke2 Kf8 43. Nf3 Bg7 44. Ne5 Rh3 45. b4 Rxh2+
46. Kd3 Nd6 47. Bc5 Rh6 48. Nc4 Kf7 49. Nxd6+ Rxd6 50. Bxd6 Ke6 51. Ne3 Bf6 52.
Bc5 h5 53. b5 h4 54. b6 h3 55. b7 1-0

[Event "Welsh Chess Championships"]
[Site "Cardiff, Wales"]
[Date "2017.04.17"]
[Round "7.8"]
[White "Morcom, Huw"]
[Black "Rodriguez, Juan Talavera"]
[Result "0-1"]
[WhiteElo "1925"]
[BlackElo "1988"]
[PlyCount "66"]
[EventDate "2017.??.??"]

1. e4 e5 2. d4 exd4 3. Qxd4 Nc6 4. Qe3 Nf6 5. Bd2 Ng4 6. Qe2 d6 7. Nf3 Be7 8.
Nc3 O-O 9. O-O-O Re8 10. h3 Nf6 11. Be3 Bd7 12. Qd2 a6 13. Bd3 b5 14. g4 Ne5
15. Nxe5 dxe5 16. g5 b4 17. Nd5 Nxd5 18. exd5 a5 19. Be4 Rb8 20. h4 Bg4 21. f3
Bh5 22. Qd3 g6 23. Qc4 Bd6 24. Rd2 Qe7 25. Qc6 Ra8 26. Rd3 a4 27. Rd2 Reb8 28.
b3 Ra5 29. Kb1 Rba8 30. Rhh2 Bxf3 31. Bxf3 e4 32. Rhf2 exf3 33. Rxf3 Qe4 0-1

[Event "Welsh Chess Championships"]
[Site "Cardiff, Wales"]
[Date "2017.04.17"]
[Round "7.10"]
[White "Brown, Thomas"]
[Black "Sivarajasingam, Shayanna"]
[Result "1-0"]
[WhiteElo "2060"]
[BlackElo "1729"]
[PlyCount "89"]
[EventDate "2017.??.??"]

1. d4 e6 2. c4 d5 3. Nc3 Nf6 4. Nf3 Be7 5. Bf4 O-O 6. e3 a6 7. c5 Nc6 8. Rb1 b5
9. b4 Ne4 10. Qc2 Nxc3 11. Qxc3 Re8 12. Bd3 Bf6 13. g4 g6 14. g5 Bg7 15. h4 Qe7
16. Kd2 e5 17. Nxe5 Nxe5 18. Bxe5 Bxe5 19. dxe5 Qxe5 20. Qxe5 Rxe5 21. f4 Re7
22. a3 Bb7 23. f5 gxf5 24. Rhf1 Rae8 25. Rbe1 Bc8 26. Kc3 c6 27. Kd4 Re5 28.
Rf3 Kg7 29. a4 R5e7 30. axb5 axb5 31. Ra1 Kg6 32. Rg1 Kg7 33. Ra1 Kg6 34. Ra8
Kg7 35. h5 Re5 36. Rxc8 Rxc8 37. Kxe5 Rd8 38. h6+ Kg8 39. Bxf5 Kh8 40. Bg4 Kg8
41. Bh5 Re8+ 42. Kd6 Re6+ 43. Kd7 Re5 44. Bxf7+ Kh8 45. Be6 1-0

[Event "Welsh Chess Championships"]
[Site "Cardiff, Wales"]
[Date "2017.04.17"]
[Round "7.11"]
[White "Sivarajasingam, Venetia"]
[Black "Fathallah, Joe"]
[Result "1/2-1/2"]
[WhiteElo "1704"]
[BlackElo "1975"]
[PlyCount "88"]
[EventDate "2017.??.??"]

1. e4 e6 2. d4 d5 3. e5 c5 4. c3 Nc6 5. Nf3 Bd7 6. Be2 Qb6 7. a3 c4 8. Nbd2 Na5
9. Rb1 Ne7 10. O-O h5 11. Ng5 g6 12. Ngf3 Nf5 13. Re1 Be7 14. Qc2 O-O-O 15. b3
cxb3 16. Nxb3 Ba4 17. Nfd2 Qc7 18. Qb2 Nxb3 19. Nxb3 Kd7 20. Bd2 Rb8 21. Rec1
b5 22. Be3 Rhc8 23. Nd2 Qa5 24. Nf3 Nxe3 25. fxe3 Rb6 26. Bd3 Rbc6 27. Bxb5
Bxb5 28. Qxb5 Qxb5 29. Rxb5 Bxa3 30. Ra1 Rxc3 31. Ra5 Rc1+ 32. Rxc1 Bxc1 33.
Rxa7+ Rc7 34. Rxc7+ Kxc7 35. Kf2 Kd7 36. Ng5 Ke7 37. Nh7 Bd2 38. Ke2 Ba5 39.
Kf2 Bd8 40. Kf3 Ba5 41. Kf2 Bb4 42. Ke2 Ke8 43. Kf3 Ke7 44. Kf2 Ba5 1/2-1/2

[Event "Welsh Chess Championships"]
[Site "Cardiff, Wales"]
[Date "2017.04.17"]
[Round "7.12"]
[White "Guha, Chirag"]
[Black "Camp, Imogen A L"]
[Result "1/2-1/2"]
[WhiteElo "1752"]
[BlackElo "1823"]
[PlyCount "65"]
[EventDate "2017.??.??"]

1. d4 d5 2. c4 e6 3. Nf3 Nf6 4. g3 Be7 5. Bg2 dxc4 6. Ne5 c5 7. O-O cxd4 8.
Qa4+ Nbd7 9. Nxd7 Bxd7 10. Qxc4 Qb6 11. a4 Rc8 12. Qd3 Bc6 13. Bxc6+ bxc6 14.
a5 Qd8 15. Rd1 c5 16. Nd2 O-O 17. Nc4 Nd5 18. e3 Bf6 19. Bd2 Qe7 20. e4 Nb4 21.
Bxb4 cxb4 22. e5 Qc5 23. exf6 Qxc4 24. fxg7 Rfd8 25. Qd2 Qc2 26. Qxb4 Rb8 27.
Qe7 Qxb2 28. Rac1 d3 29. Rc7 Qxg7 30. Rd7 Rxd7 31. Qxd7 Qe5 32. Qxa7 Rd8 33.
Qe3 1/2-1/2

[Event "Welsh Chess Championships"]
[Site "Cardiff, Wales"]
[Date "2017.04.17"]
[Round "7.13"]
[White "White, Ernest M"]
[Black "James, Dai"]
[Result "0-1"]
[WhiteElo "1867"]
[BlackElo "1849"]
[PlyCount "70"]
[EventDate "2017.??.??"]

1. e4 e5 2. Nf3 Nc6 3. Bb5 f5 4. Nc3 Nf6 5. d3 d6 6. O-O Be7 7. Nd5 Nxd5 8.
exd5 a6 9. dxc6 axb5 10. cxb7 Bxb7 11. c3 O-O 12. Qe2 g5 13. a3 g4 14. Nd2 Qd7
15. Rd1 Rae8 16. b4 Qc6 17. f3 Qxc3 18. Rb1 Qd4+ 19. Kh1 h5 20. Bb2 Qf4 21.
Rbc1 Bd8 22. Rf1 Qg5 23. Rce1 h4 24. h3 gxh3 25. gxh3 Qf4 26. Bc1 Qh6 27. Kh2
Bg5 28. Rg1 Kh7 29. Rxg5 Qxg5 30. Ne4 Qh5 31. Ng5+ Kh8 32. Rg1 Rg8 33. Qd2 f4
34. Qg2 Bxf3 35. Qxf3 Rxg5 0-1